Mitteleuropäische Tierarten von A-Z - Statistiken

Allgemein
  • Dieses Quiz wurde 215 mal gespielt
  • Das Durchschnittsergebnis liegt bei 10 aus 23
Antwortstatistiken
Bildquiz Antwort % Korrekt
Eichhörnchen
99%
Igel
98%
Dachs
96%
Blaumeise
83%
Feuersalamander
83%
Hirschkäfer
72%
Graureiher
59%
Maikäfer
58%
Ringelnatter
49%
Zaunkönig
36%
Junikäfer
35%
Pirol
33%
Viper
33%
Tagpfauenauge
32%
Wanderfalke
30%
Kiebitz
24%
Stieglitz
21%
Ohrwurm
20%
Laufkäfer
8%
Alpenbock
7%
Nase
7%
C-Falter
4%
Uferschwalbe
4%
Keine übereinstimmenden Quizze gefunden
Verteilung der Resultate
Anzahl Personen mit jedem Resultat
Perzentil nach korrekt beantworteten Fragen
Ihre Resultats-Entwicklung
Sie haben dieses Quiz noch nicht gespielt